000
00266nam a2200109Ia 4500
008
200302s9999 xx 000 0 und d
100
_a
H.Gulvanessian
245
_a
Designers Guides To The Eurocodes
260
_b
Thams Telfard, London
260
_c
2002
300
_a
192
999
_c
4642
_d
4642